000 00218nam a22000857a 4500
008 170216b xxu||||| |||| 00| 0 eng d
100 _92893
_aWason.V
245 _aFinancial Statements XII
260 _aNew Delhi
_bS.Chand
_c2012
999 _c6122
_d6122